History's shadow (Record no. 21862)
[ view plain ]
| 000 -LEADER | |
|---|---|
| fixed length control field | 01712nam a22003374a 4500 |
| 082 04 - DEWEY DECIMAL CLASSIFICATION NUMBER | |
| Classification number | 973.04/97 |
| 100 1# - MAIN ENTRY--AUTHOR NAME | |
| Personal name | Conn, Steven. |
| 245 10 - TITLE STATEMENT | |
| Title | History's shadow |
| 260 ## - PUBLICATION, DISTRIBUTION, ETC. (IMPRINT) | |
| Place of publication | Chicago : |
| Name of publisher | University of Chicago Press, |
| Year of publication | c2004. |
| 300 ## - PHYSICAL DESCRIPTION | |
| Number of Pages | xii, 276 p. : |
| Other physical details | ill. |
| 505 0# - FORMATTED CONTENTS NOTE | |
| Formatted contents note | Native Americans and the problem of history, part 1 -- Images of history : Indians in American art -- Fade to silence : Indians and the study of language -- The past is underground : archaeology and the search for Indian history -- The art and science of describing and classifying : the triumph of anthropology -- Native Americans and the problem of history, part 2. |
| 650 #0 - SUBJECT ADDED ENTRY--TOPICAL TERM | |
| Topical Term | Indians of North America |
| Topical Term | Ethnology |
| 856 40 - ELECTRONIC LOCATION AND ACCESS | |
| Uniform Resource Identifier | http://site.ebrary.com/lib/rucke/Doc?id=10273774 |
No items available.
